000 00284nam a22001217a 4500
040 _cSY
082 _a318
100 _aអ៊ុន ប៊ុនលាង
245 _aទ្រឹស្ដី ស្ថិតិ
260 _aRUA
_bអ៊ុន
_c2001
300 _a137p.
942 _cKB
999 _c9145
_d9145